[Event "XLIV Memoriał Szachowy Ludwika Zamenhofa 2025, Grupa B"]
[Site "Bialystok, Poland"]
[Date "2025.12.27"]
[Round "2.29"]
[White "Borowik, Monika"]
[Black "Sleczka, Bartosz"]
[Result "1-0"]
[TimeControl "90'+30\""]
[WhiteElo "1732"]
[BlackElo "1933"]

1. d4 {[%clk 01:30:58]} {[%emt 00:00:02]} Nf6 {[%clk 01:14:35]} {[%emt
00:16:18]} 2. Nf3 {[%clk 01:31:21]} {[%emt 00:00:14]} d5 {[%clk 01:11:06]}
{[%emt 00:04:00]} 3. c4 {[%clk 01:31:40]} {[%emt 00:00:11]} e6 {[%clk
01:11:30]} {[%emt 00:00:06]} 4. Nc3 {[%clk 01:31:56]} {[%emt 00:00:14]} c6
{[%clk 01:11:16]} {[%emt 00:00:44]} 5. e3 {[%clk 01:32:03]} {[%emt 00:00:22]}
Nbd7 {[%clk 01:11:13]} {[%emt 00:00:34]} 6. Bd3 {[%clk 01:31:46]} {[%emt
00:00:46]} Bd6 {[%clk 01:09:11]} {[%emt 00:02:32]} 7. O-O {[%clk 01:31:02]}
{[%emt 00:01:13]} O-O {[%clk 01:08:33]} {[%emt 00:01:09]} 8. b3 {[%clk
01:30:35]} {[%emt 00:00:57]} Re8 {[%clk 01:07:36]} {[%emt 00:01:27]} 9. Bb2
{[%clk 01:27:53]} {[%emt 00:03:13]} Qe7 {[%clk 00:58:21]} {[%emt 00:09:45]} 10.
e4 {[%clk 01:19:55]} {[%emt 00:08:28]} dxc4 {[%clk 00:50:51]} {[%emt 00:08:00]}
11. bxc4 {[%clk 01:18:50]} {[%emt 00:01:34]} e5 {[%clk 00:50:49]} {[%emt
00:00:33]} 12. d5 {[%clk 01:14:58]} {[%emt 00:04:22]} Nc5 {[%clk 00:42:32]}
{[%emt 00:08:47]} 13. h3 {[%clk 01:09:41]} {[%emt 00:05:47]} Bd7 {[%clk
00:31:51]} {[%emt 00:11:11]} 14. Re1 {[%clk 01:03:52]} {[%emt 00:06:19]} Nh5
{[%clk 00:21:36]} {[%emt 00:10:45]} 15. Bc1 {[%clk 00:58:59]} {[%emt 00:05:23]}
h6 {[%clk 00:18:26]} {[%emt 00:03:40]} 16. Rb1 {[%clk 00:54:46]} {[%emt
00:04:42]} Rab8 {[%clk 00:16:17]} {[%emt 00:02:40]} 17. Bc2 {[%clk 00:53:18]}
{[%emt 00:01:58]} Nf6 {[%clk 00:05:48]} {[%emt 00:10:57]} 18. Be3 {[%clk
00:44:49]} {[%emt 00:09:00]} Kh7 {[%clk 00:03:31]} {[%emt 00:02:47]} 19. Nd2
{[%clk 00:36:47]} {[%emt 00:08:32]} g6 {[%clk 00:02:50]} {[%emt 00:01:13]} 20.
Qc1 {[%clk 00:31:27]} {[%emt 00:05:49]} Ng8 {[%clk 00:02:32]} {[%emt 00:00:48]}
21. Nb3 {[%clk 00:29:05]} {[%emt 00:02:51]} b6 {[%clk 00:02:21]} {[%emt
00:00:42]} 22. Qd2 {[%clk 00:22:54]} {[%emt 00:06:40]} Nxb3 {[%clk 00:01:05]}
{[%emt 00:01:46]} 23. Rxb3 {[%clk 00:21:24]} {[%emt 00:02:00]} Bc5 {[%clk
00:00:53]} {[%emt 00:00:42]} 24. d6 {[%clk 00:19:05]} {[%emt 00:02:50]} Bxe3
{[%clk 00:00:34]} {[%emt 00:00:49]} 25. Rxe3 {[%clk 00:18:49]} {[%emt
00:00:45]} Qe6 {[%clk 00:00:41]} {[%emt 00:00:23]} 26. Ra3 {[%clk 00:17:35]}
{[%emt 00:01:44]} Ra8 {[%clk 00:00:35]} {[%emt 00:00:36]} 27. Bb3 {[%clk
00:13:46]} {[%emt 00:04:19]} Qf6 {[%clk 00:00:59]} {[%emt 00:00:06]} 28. Rf3
{[%clk 00:13:30]} {[%emt 00:00:46]} Qg7 {[%clk 00:00:54]} {[%emt 00:00:36]} 29.
c5 {[%clk 00:13:08]} {[%emt 00:00:52]} f6 {[%clk 00:01:02]} {[%emt 00:00:21]}
30. cxb6 {[%clk 00:12:24]} {[%emt 00:01:15]} axb6 {[%clk 00:01:25]} {[%emt
00:00:07]} 31. Rxa8 {[%clk 00:12:48]} {[%emt 00:00:06]} Rxa8 {[%clk 00:01:49]}
{[%emt 00:00:06]} 32. Na4 {[%clk 00:11:47]} {[%emt 00:01:30]} Rb8 {[%clk
00:00:43]} {[%emt 00:01:36]} 33. Qb4 {[%clk 00:10:25]} {[%emt 00:01:52]} Qf8
{[%clk 00:00:55]} {[%emt 00:00:18]} 34. Nc3 {[%clk 00:05:37]} {[%emt 00:05:18]}
c5 {[%clk 00:00:43]} {[%emt 00:00:42]} 35. Qc4 {[%clk 00:05:55]} {[%emt
00:00:12]} Re8 {[%clk 00:00:37]} {[%emt 00:00:36]} 36. Qd5 {[%clk 00:04:55]}
{[%emt 00:01:31]} Be6 {[%clk 00:00:35]} {[%emt 00:00:32]} 37. Qb7+ {[%clk
00:05:16]} {[%emt 00:00:08]} Kh8 {[%clk 00:00:36]} {[%emt 00:00:29]} 38. d7
{[%clk 00:05:09]} {[%emt 00:00:38]} Rb8 {[%clk 00:00:48]} {[%emt 00:00:18]} 39.
Qc7 {[%clk 00:03:13]} {[%emt 00:02:26]} Bxb3 {[%clk 00:00:54]} {[%emt
00:00:24]} 40. axb3 {[%clk 00:03:42]} Qd8 {[%clk 00:00:40]} {[%emt 00:00:44]}
41. Nd5 {[%clk 00:02:51]} {[%emt 00:01:22]} Kg7 {[%clk 00:00:37]} {[%emt
00:00:32]} 42. Rd3 {[%clk 00:02:06]} {[%emt 00:01:14]} Kf7 {[%clk 00:00:46]}
{[%emt 00:00:21]} 43. Qc6 {[%clk 00:01:37]} {[%emt 00:00:59]} f5 {[%clk
00:00:35]} {[%emt 00:00:42]} 44. Nc7 {[%clk 00:01:31]} {[%emt 00:00:36]} Ne7
{[%clk 00:00:31]} {[%emt 00:00:33]} 45. Qe6+ {[%clk 00:01:37]} {[%emt
00:00:25]} Kf8 {[%clk 00:00:36]} {[%emt 00:00:25]} 46. Qf6+ {[%clk 00:01:56]}
{[%emt 00:00:11]} Kg8 {[%clk 00:00:43]} {[%emt 00:00:23]} 47. Ne6 {[%clk
00:02:16]} {[%emt 00:00:10]} 1-0

[Event "XLIV Memoriał Szachowy Ludwika Zamenhofa 2025, Grupa B"]
[Site "Bialystok, Poland"]
[Date "2025.12.27"]
[Round "2.30"]
[White "Czachurski, Ignacy"]
[Black "Piekutowska, Lena"]
[Result "1/2-1/2"]
[TimeControl "90'+30\""]
[WhiteElo "1890"]
[BlackElo "1727"]

1. e4 {[%clk 01:29:59]} {[%emt 00:01:01]} c5 {[%clk 01:30:54]} {[%emt
00:00:07]} 2. Nf3 {[%clk 01:30:22]} {[%emt 00:00:06]} e6 {[%clk 01:31:20]}
{[%emt 00:00:04]} 3. d4 {[%clk 01:30:31]} {[%emt 00:00:20]} cxd4 {[%clk
01:31:45]} {[%emt 00:00:06]} 4. Nxd4 {[%clk 01:30:53]} {[%emt 00:00:07]} Nc6
{[%clk 01:32:06]} {[%emt 00:00:10]} 5. Nxc6 {[%clk 01:29:58]} {[%emt 00:01:26]}
bxc6 {[%clk 01:32:32]} {[%emt 00:00:04]} 6. Bd3 {[%clk 01:29:58]} {[%emt
00:00:28]} Nf6 {[%clk 01:32:57]} {[%emt 00:00:06]} 7. O-O {[%clk 01:29:35]}
{[%emt 00:00:52]} d5 {[%clk 01:33:17]} {[%emt 00:00:11]} 8. Nd2 {[%clk
01:29:52]} {[%emt 00:00:12]} Qc7 {[%clk 01:32:41]} {[%emt 00:01:06]} 9. Qe2
{[%clk 01:29:43]} {[%emt 00:00:40]} Bd6 {[%clk 01:33:03]} {[%emt 00:00:08]} 10.
b3 {[%clk 01:26:08]} {[%emt 00:04:05]} Bxh2+ {[%clk 01:32:19]} {[%emt
00:01:14]} 11. Kh1 {[%clk 01:26:22]} {[%emt 00:00:15]} Be5 {[%clk 01:30:35]}
{[%emt 00:02:14]} 12. Rb1 {[%clk 01:26:38]} {[%emt 00:00:15]} O-O {[%clk
01:29:44]} {[%emt 00:01:21]} 13. Bb2 {[%clk 01:24:54]} {[%emt 00:02:14]} Bxb2
{[%clk 01:29:40]} {[%emt 00:00:34]} 14. Rxb2 {[%clk 01:25:10]} {[%emt
00:00:14]} dxe4 {[%clk 01:28:31]} {[%emt 00:01:38]} 15. Nxe4 {[%clk 01:25:17]}
{[%emt 00:00:23]} Nxe4 {[%clk 01:28:33]} {[%emt 00:00:29]} 16. Bxe4 {[%clk
01:24:15]} {[%emt 00:01:31]} f5 {[%clk 01:25:55]} {[%emt 00:03:08]} 17. Bf3
{[%clk 01:24:25]} {[%emt 00:00:19]} Bd7 {[%clk 01:22:38]} {[%emt 00:03:49]} 18.
Re1 {[%clk 01:18:21]} {[%emt 00:06:34]} Rae8 {[%clk 01:18:15]} {[%emt
00:04:53]} 19. Qe5 {[%clk 01:17:15]} {[%emt 00:01:35]} Qb6 {[%clk 01:07:42]}
{[%emt 00:11:04]} 20. c4 {[%clk 01:13:36]} {[%emt 00:04:06]} Rd8 {[%clk
00:51:58]} {[%emt 00:16:17]} 21. Qd6 {[%clk 01:08:22]} {[%emt 00:05:41]} Rf6
{[%clk 00:35:26]} {[%emt 00:17:05]} 22. Rd2 {[%clk 01:03:11]} {[%emt 00:05:39]}
e5 {[%clk 00:22:44]} {[%emt 00:13:14]} 23. Qxe5 {[%clk 00:58:34]} {[%emt
00:05:07]} Re8 {[%clk 00:17:19]} {[%emt 00:05:54]} 24. Qa1 {[%clk 00:57:33]}
{[%emt 00:01:30]} Qc7 {[%clk 00:13:01]} {[%emt 00:04:46]} 25. Rxe8+ {[%clk
00:56:24]} {[%emt 00:01:43]} Bxe8 {[%clk 00:13:29]} {[%emt 00:00:03]} 26. g3
{[%clk 00:51:53]} {[%emt 00:04:59]} f4 {[%clk 00:11:35]} {[%emt 00:02:24]} 27.
Qe1 {[%clk 00:47:14]} {[%emt 00:05:08]} Bg6 {[%clk 00:09:30]} {[%emt 00:02:37]}
28. g4 {[%clk 00:42:01]} {[%emt 00:05:44]} h6 {[%clk 00:06:17]} {[%emt
00:03:42]} 29. Qd1 {[%clk 00:39:15]} {[%emt 00:03:15]} Kh7 {[%clk 00:06:14]}
{[%emt 00:00:34]} 30. Rd7 {[%clk 00:38:15]} {[%emt 00:01:26]} Qa5 {[%clk
00:02:39]} {[%emt 00:04:07]} 31. Qd4 {[%clk 00:32:53]} {[%emt 00:05:54]} Qg5
{[%clk 00:00:50]} {[%emt 00:02:19]} 32. Qxa7 {[%clk 00:30:30]} {[%emt
00:02:52]} Bb1 {[%clk 00:00:42]} {[%emt 00:00:40]} 33. a4 {[%clk 00:28:51]}
{[%emt 00:02:09]} Re6 {[%clk 00:00:49]} {[%emt 00:00:22]} 34. Qd4 {[%clk
00:26:42]} {[%emt 00:02:39]} Re1+ {[%clk 00:00:47]} {[%emt 00:00:32]} 35. Kg2
{[%clk 00:26:47]} {[%emt 00:00:25]} Bf5 {[%clk 00:00:48]} {[%emt 00:00:28]} 36.
Qd2 {[%clk 00:15:53]} {[%emt 00:11:25]} Rb1 {[%clk 00:00:50]} {[%emt 00:00:28]}
37. Qe2 {[%clk 00:11:33]} {[%emt 00:04:51]} Rxb3 {[%clk 00:00:35]} {[%emt
00:00:45]} 38. Ra7 {[%clk 00:09:58]} {[%emt 00:02:04]} Rxf3 {[%clk 00:00:33]}
{[%emt 00:00:33]} 39. Qxf3 {[%clk 00:09:59]} {[%emt 00:00:29]} Bxg4 {[%clk
00:00:51]} {[%emt 00:00:12]} 40. Qc3 {[%clk 00:08:45]} {[%emt 00:01:42]} Be2+
{[%clk 00:00:42]} {[%emt 00:00:24]} 41. Kh2 {[%clk 00:06:51]} {[%emt 00:02:38]}
Qh4+ {[%clk 00:00:49]} {[%emt 00:00:24]} 42. Kg1 {[%clk 00:06:26]} {[%emt
00:00:56]} Qg4+ {[%clk 00:00:45]} {[%emt 00:00:33]} 43. Kh2 {[%clk 00:06:46]}
{[%emt 00:00:11]} Qh4+ {[%clk 00:00:45]} {[%emt 00:00:31]} 44. Kg1 {[%clk
00:07:00]} {[%emt 00:00:14]} Qg5+ {[%clk 00:00:57]} {[%emt 00:00:16]} 45. Kh2
{[%clk 00:07:22]} {[%emt 00:00:12]} Qh4+ {[%clk 00:00:43]} {[%emt 00:00:43]} 46.
Kg1 {[%clk 00:07:38]} {[%emt 00:00:14]} Qg5+ {[%clk 00:00:45]} {[%emt
00:00:28]} 47. Kh2 {[%clk 00:07:54]} {[%emt 00:00:14]} Qh4+ {[%clk 00:00:45]}
{[%emt 00:00:31]} 1/2-1/2

[Event "XLIV Memoriał Szachowy Ludwika Zamenhofa 2025, Grupa B"]
[Site "Bialystok, Poland"]
[Date "2025.12.28"]
[Round "3.1"]
[White "Medvedyk, Volodymyr"]
[Black "Ryszkiewicz, Adam"]
[Result "1-0"]
[TimeControl "90'+30\""]
[WhiteElo "2138"]
[BlackElo "1985"]

1. Nf3 {[%clk 01:28:14]} {[%emt 00:02:46]} g6 {[%clk 01:30:48]} {[%emt
00:00:13]} 2. c4 {[%clk 01:26:37]} {[%emt 00:02:06]} c5 {[%clk 01:31:12]}
{[%emt 00:00:07]} 3. g3 {[%clk 01:26:08]} {[%emt 00:00:59]} Nc6 {[%clk
01:31:35]} {[%emt 00:00:07]} 4. Bg2 {[%clk 01:26:08]} {[%emt 00:00:29]} Bg7
{[%clk 01:32:00]} {[%emt 00:00:05]} 5. Nc3 {[%clk 01:26:25]} {[%emt 00:00:14]}
e6 {[%clk 01:32:23]} {[%emt 00:00:07]} 6. h4 {[%clk 01:19:07]} {[%emt
00:07:48]} h6 {[%clk 01:30:17]} {[%emt 00:02:35]} 7. d3 {[%clk 01:14:24]}
{[%emt 00:05:13]} Nge7 {[%clk 01:29:30]} {[%emt 00:01:18]} 8. Bd2 {[%clk
01:07:47]} {[%emt 00:07:07]} d5 {[%clk 01:27:07]} {[%emt 00:02:53]} 9. a3
{[%clk 01:03:48]} {[%emt 00:04:29]} b6 {[%clk 01:20:00]} {[%emt 00:07:37]} 10.
cxd5 {[%clk 00:49:05]} {[%emt 00:15:13]} exd5 {[%clk 01:20:03]} {[%emt
00:00:26]} 11. b4 {[%clk 00:36:27]} {[%emt 00:13:09]} Be6 {[%clk 01:10:17]}
{[%emt 00:10:16]} 12. bxc5 {[%clk 00:32:20]} {[%emt 00:04:38]} bxc5 {[%clk
01:10:28]} {[%emt 00:00:19]} 13. Rc1 {[%clk 00:26:10]} {[%emt 00:06:40]} c4
{[%clk 01:08:35]} {[%emt 00:02:22]} 14. dxc4 {[%clk 00:22:31]} {[%emt
00:04:09]} dxc4 {[%clk 01:08:47]} {[%emt 00:00:18]} 15. Ne4 {[%clk 00:20:35]}
{[%emt 00:02:26]} Nd5 {[%clk 00:57:27]} {[%emt 00:11:50]} 16. Nc5 {[%clk
00:12:44]} {[%emt 00:08:21]} c3 {[%clk 00:54:36]} {[%emt 00:03:21]} 17. Nxe6
{[%clk 00:13:06]} {[%emt 00:00:08]} fxe6 {[%clk 00:55:02]} {[%emt 00:00:04]} 18.
O-O {[%clk 00:12:58]} {[%emt 00:00:38]} Rc8 {[%clk 00:55:10]} {[%emt 00:00:23]}
19. Be1 {[%clk 00:12:26]} {[%emt 00:01:01]} Nce7 {[%clk 00:44:18]} {[%emt
00:11:22]} 20. e4 {[%clk 00:11:47]} {[%emt 00:01:08]} Nb6 {[%clk 00:44:39]}
{[%emt 00:00:09]} 21. Qb3 {[%clk 00:11:15]} {[%emt 00:01:03]} Qd3 {[%clk
00:43:17]} {[%emt 00:01:51]} 22. Qxe6 {[%clk 00:07:44]} {[%emt 00:04:00]} Rc6
{[%clk 00:43:34]} {[%emt 00:00:14]} 23. Qb3 {[%clk 00:07:30]} {[%emt 00:00:45]}
Rf8 {[%clk 00:42:42]} {[%emt 00:01:21]} 24. Nh2 {[%clk 00:05:32]} {[%emt
00:02:28]} h5 {[%clk 00:43:01]} {[%emt 00:00:12]} 25. e5 {[%clk 00:04:49]}
{[%emt 00:01:12]} Nbd5 {[%clk 00:38:15]} {[%emt 00:05:16]} 26. Rd1 {[%clk
00:02:56]} {[%emt 00:02:23]} Rb6 {[%clk 00:37:34]} {[%emt 00:01:11]} 27. Rxd3
{[%clk 00:00:42]} {[%emt 00:02:45]} Rxb3 {[%clk 00:37:57]} {[%emt 00:00:06]} 28.
Bxd5 {[%clk 00:00:33]} {[%emt 00:00:39]} c2 {[%clk 00:38:16]} {[%emt 00:00:11]}
29. Bxb3 {[%clk 00:00:32]} {[%emt 00:00:31]} c1=Q {[%emt 00:00:40]} 30. Rd8+
{[%clk 00:00:31]} Kxd8 {[%clk 00:38:57]} {[%emt 00:00:09]} 31. Ba5+ {[%clk
00:00:56]} {[%emt 00:00:05]} Qc7 {[%clk 00:39:19]} {[%emt 00:00:08]} 32. Rd1+
{[%clk 00:01:05]} {[%emt 00:00:21]} Kc8 {[%clk 00:39:44]} {[%emt 00:00:06]} 33.
Be6+ {[%clk 00:01:23]} {[%emt 00:00:12]} 1-0

[Event "XLIV Memoriał Szachowy Ludwika Zamenhofa 2025, Grupa B"]
[Site "Bialystok, Poland"]
[Date "2025.12.28"]
[Round "3.2"]
[White "Leskiewicz, Ignacy"]
[Black "Zimny, Jakub"]
[Result "1-0"]
[TimeControl "90'+30\""]
[WhiteElo "2118"]
[BlackElo "1941"]

1. Nf3 {[%clk 01:19:07]} {[%emt 00:11:45]} Nf6 {[%clk 01:30:00]} {[%emt
00:01:09]} 2. c4 {[%clk 01:19:01]} {[%emt 00:00:36]} c6 {[%clk 01:30:21]}
{[%emt 00:00:09]} 3. d4 {[%clk 01:17:05]} {[%emt 00:02:25]} d5 {[%clk
01:30:43]} {[%emt 00:00:09]} 4. Nc3 {[%clk 01:17:05]} {[%emt 00:00:30]} g6
{[%clk 01:30:54]} {[%emt 00:00:19]} 5. Qb3 {[%clk 01:01:05]} {[%emt 00:16:29]}
dxc4 {[%clk 01:30:56]} {[%emt 00:00:29]} 6. Qxc4 {[%clk 01:01:23]} {[%emt
00:00:12]} b5 {[%clk 01:31:16]} {[%emt 00:00:10]} 7. Qb3 {[%clk 00:59:47]}
{[%emt 00:02:05]} Be6 {[%clk 01:31:36]} {[%emt 00:00:11]} 8. Qc2 {[%clk
00:57:58]} {[%emt 00:02:16]} b4 {[%clk 01:31:56]} {[%emt 00:00:13]} 9. Na4
{[%clk 00:55:57]} {[%emt 00:02:31]} Bf5 {[%clk 01:32:15]} {[%emt 00:00:11]} 10.
Qc4 {[%clk 00:52:39]} {[%emt 00:03:47]} Bg7 {[%clk 01:32:10]} {[%emt 00:00:35]}
11. e3 {[%clk 00:46:50]} {[%emt 00:06:19]} O-O {[%clk 01:28:25]} {[%emt
00:04:16]} 12. Bd2 {[%clk 00:43:48]} {[%emt 00:03:32]} a5 {[%clk 01:23:06]}
{[%emt 00:05:49]} 13. Bd3 {[%clk 00:38:37]} {[%emt 00:05:41]} Ne4 {[%clk
01:11:40]} {[%emt 00:11:55]} 14. Nc5 {[%clk 00:27:28]} {[%emt 00:11:39]} Qd5
{[%clk 01:01:24]} {[%emt 00:10:47]} 15. Nxe4 {[%clk 00:18:41]} {[%emt
00:09:17]} Bxe4 {[%clk 00:51:38]} {[%emt 00:10:14]} 16. Qxd5 {[%clk 00:18:29]}
{[%emt 00:00:43]} cxd5 {[%clk 00:51:59]} {[%emt 00:00:09]} 17. Bxe4 {[%clk
00:16:19]} {[%emt 00:02:40]} dxe4 {[%clk 00:52:21]} {[%emt 00:00:09]} 18. Ng5
{[%clk 00:16:22]} {[%emt 00:00:26]} e5 {[%clk 00:52:36]} {[%emt 00:00:16]} 19.
d5 {[%clk 00:13:20]} {[%emt 00:03:32]} Rd8 {[%clk 00:52:57]} {[%emt 00:00:09]}
20. a3 {[%clk 00:13:14]} {[%emt 00:00:36]} bxa3 {[%clk 00:38:36]} {[%emt
00:14:51]} 21. Rxa3 {[%clk 00:13:43]} {[%emt 00:00:01]} Rxd5 {[%clk 00:38:53]}
{[%emt 00:00:13]} 22. b4 {[%clk 00:07:13]} {[%emt 00:07:00]} Nc6 {[%clk
00:32:56]} {[%emt 00:06:27]} 23. Nxe4 {[%clk 00:02:06]} {[%emt 00:05:37]} Rb8
{[%clk 00:33:13]} {[%emt 00:00:13]} 24. Ke2 {[%clk 00:01:08]} {[%emt 00:01:29]}
axb4 {[%clk 00:31:33]} {[%emt 00:02:09]} 25. Ra6 {[%clk 00:01:37]} Na5 {[%clk
00:30:47]} {[%emt 00:01:16]} 26. Bxb4 {[%clk 00:01:23]} {[%emt 00:00:44]} Nc4
{[%clk 00:25:34]} {[%emt 00:05:43]} 27. Rc1 {[%clk 00:01:26]} {[%emt 00:00:27]}
Rdb5 {[%clk 00:25:35]} {[%emt 00:00:29]} 28. Be7 {[%clk 00:00:39]} {[%emt
00:01:17]} Rb2+ {[%clk 00:21:58]} {[%emt 00:04:07]} 29. Kf3 {[%clk 00:01:08]}
{[%emt 00:00:01]} Nd2+ {[%clk 00:21:57]} {[%emt 00:00:30]} 30. Nxd2 {[%clk
00:01:37]} {[%emt 00:00:01]} Rxd2 {[%clk 00:22:12]} {[%emt 00:00:15]} 31. g4
{[%clk 00:02:07]} h6 {[%clk 00:21:12]} {[%emt 00:01:30]} 32. Rd6 {[%clk
00:01:35]} {[%emt 00:01:01]} Rxd6 {[%clk 00:15:30]} {[%emt 00:06:13]} 33. Bxd6
{[%clk 00:02:03]} {[%emt 00:00:02]} Rd8 {[%clk 00:15:50]} {[%emt 00:00:10]} 34.
Rc6 {[%clk 00:01:10]} {[%emt 00:01:22]} Bf6 {[%clk 00:15:01]} {[%emt 00:01:19]}
35. Ke4 {[%clk 00:01:17]} {[%emt 00:00:24]} Kg7 {[%clk 00:13:42]} {[%emt
00:01:50]} 36. f3 {[%clk 00:00:44]} {[%emt 00:01:02]} Re8 {[%clk 00:14:03]}
{[%emt 00:00:09]} 37. Bb4 {[%clk 00:00:47]} {[%emt 00:00:27]} Ra8 {[%clk
00:14:06]} {[%emt 00:00:27]} 38. Bc3 {[%clk 00:00:51]} {[%emt 00:00:25]} Ra2
{[%clk 00:13:31]} {[%emt 00:01:05]} 39. h3 {[%clk 00:00:45]} {[%emt 00:00:37]}
Rh2 {[%clk 00:13:06]} {[%emt 00:00:55]} 40. Rxf6 {[%clk 00:01:11]} {[%emt
00:00:05]} Rxh3 {[%clk 00:12:43]} {[%emt 00:00:52]} 41. Bxe5 {[%clk 00:01:28]}
{[%emt 00:00:12]} 1-0

[Event "XLIV Memoriał Szachowy Ludwika Zamenhofa 2025, Grupa B"]
[Site "Bialystok, Poland"]
[Date "2025.12.28"]
[Round "3.3"]
[White "Jarzebowski, Kacper"]
[Black "Kaminski, Jan"]
[Result "1-0"]
[TimeControl "90'+30\""]
[WhiteElo "2078"]
[BlackElo "1922"]

1. d4 {[%clk 01:30:57]} {[%emt 00:00:02]} Nf6 {[%clk 01:30:55]} {[%emt
00:00:06]} 2. c4 {[%clk 01:31:24]} {[%emt 00:00:03]} c6 {[%clk 01:31:18]}
{[%emt 00:00:07]} 3. Nc3 {[%clk 01:31:46]} {[%emt 00:00:08]} d5 {[%clk
01:31:42]} {[%emt 00:00:06]} 4. Nf3 {[%clk 01:32:10]} {[%emt 00:00:06]} dxc4
{[%clk 01:31:59]} {[%emt 00:00:14]} 5. a4 {[%clk 01:32:30]} {[%emt 00:00:09]}
Bf5 {[%clk 01:32:19]} {[%emt 00:00:10]} 6. Ne5 {[%clk 01:32:52]} {[%emt
00:00:08]} Nbd7 {[%clk 01:32:10]} {[%emt 00:00:36]} 7. Nxc4 {[%clk 01:33:12]}
{[%emt 00:00:13]} Qc7 {[%clk 01:32:28]} {[%emt 00:00:11]} 8. f3 {[%clk
01:33:01]} {[%emt 00:00:42]} e5 {[%clk 01:31:04]} {[%emt 00:01:54]} 9. e4
{[%clk 01:29:50]} {[%emt 00:03:41]} exd4 {[%clk 01:22:57]} {[%emt 00:08:38]} 10.
Ne2 {[%clk 01:24:16]} {[%emt 00:06:03]} Be6 {[%clk 01:12:35]} {[%emt 00:10:51]}
11. Bf4 {[%clk 01:20:11]} {[%emt 00:04:36]} Qd8 {[%clk 01:12:46]} {[%emt
00:00:19]} 12. Nxd4 {[%clk 01:19:00]} {[%emt 00:01:41]} Bxc4 {[%clk 01:10:38]}
{[%emt 00:02:38]} 13. Bxc4 {[%clk 01:17:56]} {[%emt 00:01:34]} Bb4+ {[%clk
01:10:17]} {[%emt 00:00:51]} 14. Ke2 {[%clk 01:12:59]} {[%emt 00:05:27]} O-O
{[%clk 01:08:48]} {[%emt 00:01:59]} 15. Qb3 {[%clk 01:10:50]} {[%emt 00:02:39]}
a5 {[%clk 01:05:21]} {[%emt 00:03:57]} 16. Rhd1 {[%clk 01:08:43]} {[%emt
00:02:36]} Nh5 {[%clk 01:00:18]} {[%emt 00:05:33]} 17. Be3 {[%clk 00:50:44]}
{[%emt 00:18:29]} Nc5 {[%clk 00:57:48]} {[%emt 00:03:01]} 18. Qc2 {[%clk
00:43:37]} {[%emt 00:07:37]} Qc7 {[%clk 00:45:30]} {[%emt 00:12:46]} 19. g3
{[%clk 00:41:21]} {[%emt 00:02:47]} g6 {[%clk 00:39:46]} {[%emt 00:06:15]} 20.
Kf1 {[%clk 00:25:20]} {[%emt 00:16:31]} Rfe8 {[%clk 00:38:47]} {[%emt
00:01:29]} 21. Qf2 {[%clk 00:23:21]} {[%emt 00:02:29]} Nd7 {[%clk 00:34:45]}
{[%emt 00:04:31]} 22. Rac1 {[%clk 00:20:55]} {[%emt 00:02:56]} Ne5 {[%clk
00:31:59]} {[%emt 00:03:16]} 23. Be2 {[%clk 00:20:53]} {[%emt 00:00:32]} Qc8
{[%clk 00:29:58]} {[%emt 00:02:31]} 24. g4 {[%clk 00:17:55]} {[%emt 00:03:28]}
Ng7 {[%clk 00:29:36]} {[%emt 00:00:53]} 25. Qg3 {[%clk 00:16:07]} {[%emt
00:02:17]} Nd7 {[%clk 00:25:32]} {[%emt 00:04:33]} 26. Nb5 {[%clk 00:14:35]}
{[%emt 00:02:04]} Ne6 {[%clk 00:23:26]} {[%emt 00:02:36]} 27. Bc4 {[%clk
00:12:52]} {[%emt 00:02:13]} Ndf8 {[%clk 00:22:06]} {[%emt 00:01:50]} 28. Nd6
{[%clk 00:12:52]} {[%emt 00:00:30]} Bxd6 {[%clk 00:22:17]} {[%emt 00:00:20]} 29.
Rxd6 {[%clk 00:13:12]} {[%emt 00:00:09]} Qc7 {[%clk 00:19:18]} {[%emt
00:03:29]} 30. Rcd1 {[%clk 00:11:34]} {[%emt 00:02:08]} Rad8 {[%clk 00:16:47]}
{[%emt 00:02:59]} 31. e5 {[%clk 00:11:37]} {[%emt 00:00:29]} Rxd6 {[%clk
00:15:09]} {[%emt 00:02:08]} 32. exd6 {[%clk 00:11:59]} {[%emt 00:00:08]} Qd7
{[%clk 00:15:23]} {[%emt 00:00:15]} 33. Bb6 {[%clk 00:12:06]} {[%emt 00:00:24]}
Ra8 {[%clk 00:13:30]} {[%emt 00:02:23]} 34. Qe5 {[%clk 00:12:19]} {[%emt
00:00:17]} Qe8 {[%clk 00:12:18]} {[%emt 00:01:42]} 35. Be3 {[%clk 00:02:32]}
{[%emt 00:10:17]} Nd7 {[%clk 00:12:20]} {[%emt 00:00:29]} 36. Qc3 {[%clk
00:02:47]} {[%emt 00:00:14]} Qd8 {[%clk 00:12:00]} {[%emt 00:00:49]} 37. Re1
{[%clk 00:01:39]} {[%emt 00:01:39]} Qh4 {[%clk 00:06:59]} {[%emt 00:05:31]} 38.
Bf2 {[%clk 00:01:14]} {[%emt 00:00:56]} Qh3+ {[%clk 00:05:26]} {[%emt
00:02:02]} 39. Kg1 {[%clk 00:01:38]} {[%emt 00:00:06]} Ng5 {[%clk 00:04:46]}
{[%emt 00:01:10]} 40. Bg3 {[%clk 00:01:52]} {[%emt 00:00:16]} Rd8 {[%clk
00:02:52]} {[%emt 00:02:24]} 41. f4 {[%clk 00:01:08]} {[%emt 00:01:16]} Ne6
{[%clk 00:02:51]} {[%emt 00:00:31]} 42. Rxe6 {[%clk 00:01:22]} {[%emt
00:00:15]} 1-0